000 00616nam a2200205 4500
001 139973
003 ES-MaACL
005 20230906195948.0
007 t|
008 070214n19101919ag r ||||1| spa d
100 1 _aSchmidt, Robert.
_9104491
245 1 3 _aLa acción social obrera en Alemania /
_cpor Robert Schmidt y J. Giesberts.
250 _a4ª ed.
260 _aBuenos Aires :
_bUnión de Libreros Alemanes,
_c[191_?]
490 1 _aLo que es Alemania ;
_v7
700 1 _aGiesberts, J.
_956690
830 0 _aLo que es Alemania ;
_v7
_9182612
852 _aES-MaACL
_j1605-F-8
999 _c139973
_d139973